Alexander Calder, 1898-1976

Guardat en:
Dades bibliogràfiques
Autor principal: Baal-Teshuva, Jacob (Autor)
Format: Llibre
Idioma:espanyol
Publicat: Colonia Taschen 2003
Matèries:
Etiquetes: Afegir etiqueta
Sense etiquetes, Sigues el primer a etiquetar aquest registre!

MARC

LEADER 00000nam a2200000 a 4500
001 UCG7119
003 CL-VaPUC
008 110617e20030000GW |||||||||||||||||spa|d
020 |a 9783822870198 
082 0 4 |a 700  |b BAA  |2 21 
100 0 |a Baal-Teshuva, Jacob  |e author  |9 557654 
245 1 0 |a Alexander Calder, 1898-1976 
300 |a 95 p 
942 |c BK 
945 |d 20110617 00:00:00  |a dcastane 
260 |a Colonia  |b Taschen  |c 2003 
650 0 |a Arte  |9 265238 
650 0 |a Escultura  |9 265737 
650 7 |a ESCULTURA MODERNA  |2 CL-VaPUC  |9 268158 
650 7 |a ESCULTURA ESTADOUNIDENSE  |2 CL-VaPUC  |9 428604 
650 7 |a ESCULTORES ESTADOUNIDENSES  |2 CL-VaPUC  |9 428605 
583 |a last modification  |c 20110617 00:00:00  |k Rodrigo Vera 
999 |c 345184  |d 345182 
952 |0 0  |1 0  |4 0  |6 700_000000000000000_BAA_2003  |7 0  |8 C  |9 443653  |a BIBCUR  |b BIBCUR  |d 2019-11-22  |i 4784782  |o 700 BAA 2003  |p 4784782  |r 2025-04-22  |w 2019-11-22  |y BK  |k CAC